000
00201nam a22000857a 4500
999
_c
11000
_d
11000
008
180716b ||||| |||| 00| 0 eng d
100
_a
Sharma.K.G.
_9
6791
245
_a
Social Science-7
260
_a
New Delhi